| 000 | 00383pab a2200157 454500 | ||
|---|---|---|---|
| 008 | 180718b2013 xxu||||| |||| 00| 0 eng d | ||
| 100 | _aTeltumbde, Anand | ||
| 245 | _aCan caste-based rallies be banned? | ||
| 260 | _c2013 | ||
| 300 | _ap.10-11. | ||
| 362 | _a10 Aug | ||
| 650 | _aProtest movements | ||
| 773 | _aEconomic and Political Weekly | ||
| 908 | _aN | ||
| 909 | _a100835 | ||
| 999 |
_c100834 _d100834 |
||